000 004480000a22001450004500
020 _a958-9061-59-1
041 0 _aSPA
082 0 4 _aG 980.46 C9119d
245 1 0 _aDerechos territoriales indígenas y ecología : En las selvas tropicales del América / Martha Cárdenas, Hernán Darío Correa, Mauricio Gómez Barón, Editores
260 _aBogotá : CEREC
300 _a385 Pág.
650 1 4 _aINDIGENAS - COLOMBIA
001 14443
942 _cBK
999 _c43306
_d43306